[Event "Heraklion op"]
[Site "Heraklion"]
[Date "2014.09.03"]
[Round "3"]
[White "Maris, Ioannis1111"]
[Black "Xigis, Michail"]
[Result "1-0"]
[WhiteElo "2054"]
[BlackElo "1725"]
[PlyCount "117"]
[EventDate "2014.09.02"]
[EventType "swiss"]
[EventRounds "6"]
[EventCountry "GRE"]
[SourceTitle "EXT 2015"]
[Source "ChessBase"]
[SourceDate "2014.11.20"]
[SourceVersion "1"]
[SourceVersionDate "2014.11.20"]
[SourceQuality "1"]

1. e4 c5 2. d4 cxd4 3. c3 d3 4. Bxd3 d6 5. Nf3 Nc6 6. h3 g6 7. 0-0 Bg7 8. Bc4 Nf6 9. Qe2 0-0 10. Rd1 Qc7 11. Nbd2 a6 12. a4 Na5 13. Ba2 Nd7 14. Rb1 b6 15. b4 Nc6 16. Bd5 Bb7 17. Bb2 a5 18. Qc4 Rac8 19. Qb3 e6 20. Bc4 Nce5 21. Bb5 d5 22. exd5 Bxd5 23. c4 Bxf3 24. Nxf3 Nxf3+ 25. Qxf3 Rfd8 26. Bxg7 Kxg7 27. bxa5 bxa5 28. Ba6 Rb8 29. Rb7 Rxb7 30. Qxb7 Qxb7 31. Bxb7 Kf8 32. c5 Ke7 33. c6 Nb6 34. Rb1 Nd5 35. Rb5 Nc7 36. Rxa5 Rd1+ 37. Kh2 Ra1 38. Kg3 Ra2 39. h4 h5 40. f3 Kd6 41. Ra7 f6 42. Ra5 Ke7 43. Bc8 Kd6 44. Bd7 Ra3 45. Ra7 Ra2 46. a5 Ra3 47. a6 Rxa6 48. Rxa6 Nxa6 49. Be8 g5 50. hxg5 fxg5 51. Bxh5 Kxc6 52. Kg4 Kd6 53. Kxg5 Ke7 54. Bg6 Nc7 55. Be4 Ne8 56. Kg6 Nf6 57. g4 Ne8 58. g5 Kf8 59. Bc6 1-0

[Event "Athens op 03-A"]
[Site "Athens"]
[Date "2012.03.20"]
[Round "3"]
[White "Xigis, Michail"]
[Black "Pramateftakis, Nikolaos"]
[Result "0-1"]
[WhiteElo "1695"]
[BlackElo "1855"]
[PlyCount "84"]
[EventDate "2012.03.06"]
[EventType "swiss"]
[EventRounds "7"]
[EventCountry "GRE"]
[SourceTitle "EXT 2014"]
[Source "ChessBase"]
[SourceDate "2013.11.20"]
[SourceVersion "1"]
[SourceVersionDate "2013.11.20"]
[SourceQuality "1"]

1. d4 d5 2. c4 c6 3. Nc3 dxc4 4. Nf3 b5 5. a4 b4 6. Ne4 Nf6 7. Nxf6+ exf6 8. e4 Be6 9. Be3 b3 10. Be2 Na6 11. 0-0 Nb4 12. Ne1 Na2 13. f4 f5 14. exf5 Bd5 15. Bd2 Qf6 16. Ba5 c5 17. dxc5 Bxc5+ 18. Kh1 Qc6 19. Bf3 Bxf3 20. Qxf3 Rc8 21. Qe2+ Be7 22. Nf3 Qc5 23. Rfe1 0-0 24. Qxe7 Qxa5 25. f6 g6 26. Qd7 Qc7 27. Qxc7 Rxc7 28. Re7 Rxe7 29. fxe7 Re8 30. Re1 c3 31. bxc3 Nxc3 32. Nd2 b2 33. g3 f5 34. a5 Kf7 35. Nb1 Nxb1 36. Rxb1 Rb8 37. Re1 Ke8 38. Rb1 Kxe7 39. Kg2 Kd6 40. Kf2 Kd5 41. Ke2 Kc4 42. Kd2 Kb3 0-1

[Event "GRE-ch U18"]
[Site "Nikaia"]
[Date "2012.01.05"]
[Round "4"]
[White "Korniotis, Filippos"]
[Black "Xigis, Michail"]
[Result "1/2-1/2"]
[WhiteElo "1857"]
[BlackElo "1698"]
[PlyCount "45"]
[EventDate "2012.01.03"]
[EventType "swiss"]
[EventRounds "9"]
[EventCountry "GRE"]
[SourceTitle "CBM 146 Extra"]
[Source "ChessBase"]
[SourceDate "2012.02.29"]
[SourceVersion "1"]
[SourceVersionDate "2012.02.29"]
[SourceQuality "1"]

1. d4 Nf6 2. c4 e6 3. Nf3 b6 4. Bg5 Bb7 5. e3 d5 6. Nc3 Be7 7. Bd3 0-0 8. 0-0 Nbd7 9. Qe2 h6 10. Bh4 Ne4 11. Bg3 Ndf6 12. Bxe4 Nxe4 13. Nxe4 dxe4 14. Nd2 c5 15. Nb3 cxd4 16. Nxd4 Bc5 17. Rfd1 Qe7 18. a3 a5 19. Nb5 e5 20. Qg4 f5 21. Qh3 Bc8 22. Qh5 Bb7 23. Qh3 1/2-1/2